[Event "Stein am Rhein op 12th"]
[Site "Stein am Rhein"]
[Date "2021.11.07"]
[Round "4"]
[White "Dressler, Marc"]
[Black "Ehrenhoefer, Sebastian"]
[Result "1-0"]
[WhiteElo "1482"]
[BlackElo "1035"]
[PlyCount "55"]
[EventDate "2021.11.05"]
[EventType "swiss"]
[EventRounds "5"]
[EventCountry "SUI"]
[SourceTitle "EXT 2023"]
[Source "ChessBase"]
[SourceDate "2022.10.05"]
[SourceVersion "1"]
[SourceVersionDate "2022.10.05"]
[SourceQuality "1"]

1. d4 e6 2. c4 f5 3. Nc3 Nf6 4. Nf3 Be7 5. Qc2 0-0 6. e4 Ne8 7. Bd3 d6 8. Be3 a5 9. exf5 exf5 10. Nd5 Nc6 11. 0-0 Be6 12. a3 Nb8 13. Nf4 Bd7 14. d5 Na6 15. Nd4 Qc8 16. Nfe6 Nc5 17. Nxf8 Nxd3 18. Nxd7 Qxd7 19. Qxd3 f4 20. Bxf4 Qg4 21. Qg3 Qxg3 22. fxg3 Bf6 23. Rad1 Ra6 24. Rd2 Rb6 25. Be3 Ra6 26. Rdf2 Ra8 27. Ne6 Bxb2 28. Rf8# 1-0